000 00669cam a2200241 4500
001 B2289
008 090401t1989 xxu||||| |||| 00| 0 eng d
035 _a(Sirsi) u49118
041 _aeng
050 _a690.25
110 _aBuilding Research Establishment
245 _aDomestic chimneys: solid fuel - flue installation.
260 _aGarston,Watford
_bBuilding Research Establishment
_c1989
300 _a1 sheet : ill. ; 30cm.
350 _a0
490 _aDefect Action Sheet
_v127 (Site)
490 _aDAS
_v127
650 _aBUILDING DEFECTS
650 _aFLUES
690 _aBUILT ENVIRONMENT-BUILDING PATHOLOGY
942 _n0
948 _c04/03/1997
999 _c92490
_d92490